Control de calidad
| Main Author: | |
|---|---|
| Format: | Section = Libro |
| Language: | Undetermined Spanish |
| Published: |
México
Pearson Educación
2009
|
| Edition: | 8a ed. |
| Subjects: |
| LEADER | 00783nam a2200277Ia 4500 | ||
|---|---|---|---|
| 008 | 240830s9999 xx 000 0 und d | ||
| 020 | |a 978-607-442-121-7 | ||
| 040 | |a B-ESTELÍ- RUACS / 658.562 B561 | ||
| 041 | |a spa | ||
| 082 | |a 658.562 B561 | ||
| 100 | 1 | |a Besterfield, Dale H | |
| 245 | 1 | 0 | |a Control de calidad |
| 250 | |a 8a ed. | ||
| 260 | |a México |b Pearson Educación |c 2009 | ||
| 300 | |a 540 p. | ||
| 650 | 7 | |a CONTROL DE CALIDAD | |
| 650 | 7 | |b ESTADÍSTICA | |
| 650 | 7 | |c GRÁFICAS DE CONTROL PARA VARIABLES | |
| 650 | 7 | |d CONTROL ESTADÍSTICO | |
| 650 | 7 | |e PROBABILIDAD | |
| 650 | 7 | |f MUESTREO ACEPTACIÓN LOTE EN LOTE | |
| 650 | 7 | |g CONFIABILIDAD | |
| 650 | 7 | |h MÉTODOS DE ADMINISTRACIÓN Y PLANEACIÓN | |
| 942 | |c BK |2 ddc | ||
| 991 | |a TEXTO | ||
| 999 | |c 11497 | ||